书目信息 |
| 题名: |
微生物农药及其产业化
|
|
| 作者: | 喻子牛 主编 | |
| 分册: | ||
| 出版信息: | 北京 科学出版社 2000.12 |
|
| 页数: | 294页 | |
| 开本: | 26cm | |
| 丛书名: | ||
| 单 册: | ||
| 中图分类: | TQ458 | |
| 科图分类: | ||
| 主题词: | 微生物农药 | |
| 电子资源: | ||
| ISBN: | 7-03-008896-4 | |
| 000 | 00560nam0 2200193 45 | |
| 001 | 0255688647 | |
| 005 | 2002040915280807 | |
| 010 | @a7-03-008896-4@dRMB 58.00 | |
| 100 | @a20020409d2000 km y0chiy0120 ea | |
| 101 | 0 | @achi |
| 102 | @aCN@b110000 | |
| 200 | 1 | @a微生物农药及其产业化@Awei sheng wu nong yao ji qi chan ye hua@f喻子牛主编@Fyu zi niu zhu bian |
| 210 | @a北京@c科学出版社@d2000.12 | |
| 215 | @a294页@d26cm | |
| 606 | 0 | @a微生物农药 |
| 690 | @aTQ458@v3 | |
| 701 | 0 | @a喻子牛@Ayu zi niu@4主编 |
| 801 | 0 | @aCN@bPFT@c20020409 |
| 905 | @a10447@dTQ458@eY861 | |
| 微生物农药及其产业化/喻子牛主编.-北京:科学出版社,2000.12 |
| 294页;26cm |
| ISBN 7-03-008896-4:RMB 58.00 |
| ● |
| 相关链接 |
|
|
|
正题名:微生物农药及其产业化
索取号:TQ458/Y861
 
预约/预借
| 序号 | 登录号 | 条形码 | 馆藏地/架位号 | 状态 | 备注 |
| 1 | 357452 | 203574523 | 自科二线504/504自科库 41排5列2层/ [索取号:TQ458/Y861] | 在馆 | |
| 2 | 357453 | 203574532 | 期刊室512/501自科库 69排1列2层/ [索取号:TQ458/Y861] | 在馆 | |
| 3 | 357454 | 203574541 | 自科库501/501自科库 69排1列2层/ [索取号:TQ458/Y861] | 在馆 |